000 00632cam a2200229 i 4500
001 801675
005 20180116045054.0
008 760106s1976 nyu b 001 0 eng
010 _a 75046615
020 _a0306309130
040 _aDLC
_cDLC
_dDLC
041 _aeng
043 _ad------
080 _a333.7
082 0 0 _a333.7 ROG
100 _a19
101 _aSHP
245 0 0 _aFuture resources and world development /
_cedited by Paul Rogers, in association with Anthony Vann.
504 _aIncludes bibliographical references and index.
906 _a7
_bcbc
_corignew
_d1
_eocip
_f19
_gy-gencatlg
942 _2ddc
_cBK
999 _c40360
_d40360